000 00960nac a22003017a 4500
001 BR9802314
003 BR-BrBNA
005 20240105122020.0
008 230509b bl.|||m| |||| 00| 0 por d
040 _aBR-BrBNA
_bpor
_cBiblioteca Nacional de Agricultura
072 _aL74; L73
090 _a5212 BR9802314
100 1 _aOliveira, M.C. de S.
100 1 _aNovaes, A.P. de
110 1 _aCentro de Pesquisa de Pecuaria do Sudeste, Sao Carlos, SP (Brasil)
_91603
245 1 _aAcidose metabolica em bezerros neonatos com diarreia
260 3 _aSao Carlos, SP (Brasil):
_c1997.
300 _a16 ref.
490 _aCircular Tecnica - Centro de Pesquisa de Pecuaria do Sudeste (Brazil)
_vno. 12
_xISSN 1413-4098
500 _a17 ref.
650 _aBezerro
650 _aDisturbio Metabolico
650 _aDiarreia
650 _aDiagnostico
650 _aVeterinaria
909 _a202312
_bLúcia Elande
_c55
_dLúcia Elande
942 _2AGRIS
_n0
_cMS
999 _c288743
_d288743